Statistics for Världens 10 kallaste huvudstäder

Click here to take the quiz!

General Stats

  • This quiz has been taken 313 times
  • The average score is 12 of 20

Answer Stats

°CHuvudstadLand% Correct
6.6StockholmSverige
98%
5.7OsloNorge
96%
5.9HelsingforsFinland
94%
5.8MoskvaRyssland
94%
6.6OttawaKanada
80%
8.2KöpenhamnDanmark
76%
4.3ReykjavikIsland
72%
9.7BerlinTyskland
68%
6.1RigaLettland
66%
5.9TallinnEstland
61%
6.7MinskVitryssland
59%
6.0VilniusLitauen
57%
8.4KievUkraina
51%
-0.4Ulan BatorMongoliet
46%
8.8BernSchweiz
36%
8.4PragTjeckien
36%
8.5WarszawaPolen
32%
3.5AstanaKazakstan
28%
9.3LuxemburgLuxemburg
11%
8.8La PazBolivien
7%

Score Distribution

Percentile by Number Answered

Percent of People with Each Score

Your Score History

You have not taken this quiz